Evaluating the effectiveness of policy measures to support spatial mobility in Slovakia: The contribution for commuting to work and the contribution for resettlement

Vyhodnotenie dvoch aktívnych opatrení politiky trhu práce poskytujúcich príspevky na pokrytie nákladov spojených s priestorovou mobilitou nezamestnaných. Prvé opatrenie podporuje dennú dochádzku za prácou, druhé opatrenie poskytuje finančnú pomoc pri presťahovaní. Na účely vyhodnotenia účinnosti sú...

Descrizione completa

Salvato in:
Dettagli Bibliografici
Autore principale: Štefánik, Miroslav
Altri autori: Karasová, Katarína
Natura: Capitolo di libro
Lingua:inglese
Soggetti:
Tags: Aggiungi Tag
Nessun Tag, puoi essere il primo ad aggiungerne!!

MARC

LEADER 00000naa a2200000 4500
001 0226237
005 20221019173219.5
041 0 |a eng 
044 |a SK 
245 1 0 |a Evaluating the effectiveness of policy measures to support spatial mobility in Slovakia: The contribution for commuting to work and the contribution for resettlement  |c Miroslav Štefánik, Katarína Karasová 
520 |a Vyhodnotenie dvoch aktívnych opatrení politiky trhu práce poskytujúcich príspevky na pokrytie nákladov spojených s priestorovou mobilitou nezamestnaných. Prvé opatrenie podporuje dennú dochádzku za prácou, druhé opatrenie poskytuje finančnú pomoc pri presťahovaní. Na účely vyhodnotenia účinnosti sú využívané administratívne údaje z dvoch zdrojov; z registra uchádzačov o zamestnanie a databázy poistencov Sociálnej poisťovne. 
610 2 0 |a pohyb síl pracovných 
610 2 0 |a trh práce 
610 2 0 |a politika zamestnanosti 
610 2 0 |a podpora zamestnanosti 
610 2 0 |a podpory v nezamestnanosti 
100 1 |a Štefánik, Miroslav 
700 1 |a Karasová, Katarína